NBA 2026 Playoffs Starters - Statistics

General Stats
  • This quiz has been taken 554 times
    25 since last reset
  • The average score is 66 of 80
Answer Stats
Team Pos Player % Correct
Celtics SG Derrick White
100%
Cavaliers SG Donovan Mitchell
100%
Cavaliers PF Evan Mobley
100%
Cavaliers PG James Harden
100%
Celtics SF Jaylen Brown
100%
Celtics PF Jayson Tatum
100%
76ers C Joel Embiid
100%
76ers PG Tyrese Maxey
100%
Nuggets SF Cameron Johnson
95%
Knicks PG Jalen Brunson
95%
Hawks PF Jalen Johnson
95%
Cavaliers C Jarrett Allen
95%
Knicks C Karl-Anthony Towns
95%
Lakers SF LeBron James
95%
76ers SG VJ Edgecombe
95%
Rockets C Alperen Şengün
90%
Pistons PG Cade Cunningham
90%
Hawks PG CJ McCollum
90%
Lakers C Deandre Ayton
90%
Nuggets PG Jamal Murray
90%
Knicks SG Josh Hart
90%
Nuggets C Nikola Jokić
90%
Knicks SF OG Anunoby
90%
Magic PF Paolo Banchero
90%
76ers SF Paul George
90%
Raptors PF Scottie Barnes
90%
Spurs C Victor Wembanyama
90%
Rockets SG Amen Thompson
86%
Timberwolves SG Anthony Edwards
86%
Pistons SF Ausar Thompson
86%
Raptors SF Brandon Ingram
86%
Thunder C Chet Holmgren
86%
Spurs PG De'Aaron Fox
86%
Spurs SG Devin Vassell
86%
Hawks SG Dyson Daniels
86%
Magic SF Franz Wagner
86%
Thunder C Isaiah Hartenstein
86%
Timberwolves SF Jaden McDaniels
86%
Pistons C Jalen Duren
86%
Timberwolves PF Julius Randle
86%
Thunder SF Luguentz Dort
86%
Lakers SG Marcus Smart
86%
Timberwolves C Rudy Gobert
86%
Lakers PF Rui Hachimura
86%
Thunder PG S. Gilgeous-Alexander
86%
Magic SG Desmond Bane
81%
Suns SG Devin Booker
81%
Pistons SG Duncan Robinson
81%
Rockets PF Jabari Smith Jr.
81%
Raptors C Jakob Pöltl
81%
Magic PG Jalen Suggs
81%
Thunder SF Jalen Williams
81%
Lakers SG Luke Kennard
81%
Knicks SF Mikal Bridges
81%
Celtics C Neemias Queta
81%
Hawks C Onyeka Okongwu
81%
Raptors SF RJ Barrett
81%
Celtics PF Sam Hauser
81%
Pistons PF Tobias Harris
81%
Nuggets PF Aaron Gordon
76%
Nuggets SG Christian Braun
76%
Trail Blazers SF Deni Avdija
76%
Suns SF Dillon Brooks
76%
Trail Blazers C Donovan Clingan
76%
Suns SG Jalen Green
76%
Trail Blazers PG Jrue Holiday
76%
76ers SF Kelly Oubre Jr.
76%
Hawks SG N. Alexander-Walker
76%
Spurs SG Stephon Castle
76%
Magic C Wendell Carter Jr.
76%
Cavaliers SF Dean Wade
71%
Trail Blazers PG Scoot Henderson
71%
Timberwolves SG Donte DiVincenzo
62%
Rockets SG Reed Sheppard
62%
Rockets SF Tari Eason
57%
Trail Blazers PF Toumani Camara
57%
Spurs SF Julian Champagnie
52%
Suns PG Collin Gillespie
48%
Raptors PG Ja'Kobe Walter
48%
Suns C Oso Ighodaro
43%
No matching quizzes found
Score Distribution
Percent of People with Each Score
Percentile by Number Answered
Your Score History
You have not taken this quiz since the last reset